| 000 | 00483nam a22001937a 4500 | ||
|---|---|---|---|
| 003 | OSt | ||
| 005 | 20180116183053.0 | ||
| 008 | 160901b xxu||||| |||| 00| 0 eng d | ||
| 020 | _a0130125385 | ||
| 040 | _c0 | ||
| 082 | _a657.42 SCH 2002 | ||
| 100 | _aSchoenebeck,Karan p. | ||
| 245 |
_aManagement Accounting : _bTest Item File . |
||
| 250 | _a3rd ed. | ||
| 260 |
_aNew Jersey _bPrentice Hall _c2002 |
||
| 300 | _bPB | ||
| 440 | _aManagement Accounting : | ||
| 942 |
_2ddc _cBK |
||
| 999 |
_c351718 _d351718 |
||